| 000 | 00417nam a2200145Ia 4500 | ||
|---|---|---|---|
| 008 | 151021s9999 xx 000 0 und d | ||
| 020 | _a9.7881848959e+012 | ||
| 050 | _aSB 731 .B35 2009 | ||
| 245 | _a_Plant Pathology techniques and protocals Robert Burns | ||
| 260 | _aUK Humana press 2009 | ||
| 300 | _aix,321p;ill. | ||
| 500 | _aIncludes index | ||
| 650 | _a_Pathology | ||
| 980 | _a^d20120119 09:23:21^okorir | ||
| 999 |
_c8517 _d8517 |
||